000 00621cam a22002172a 4500
001 007908
003 AR-FADEU
008 311216n1983####xxu####################dd
020 _a950-25-0009-1
092 _a324.282 05
_bM722p
100 _aMolinas, Ricardo F.
245 _aEl partido demócrata progresista
260 _aBuenos Aires
260 _bCentro Editor de América Latina
260 _c1983
300 _a159 p
440 _aBiblioteca política argentina
_n10
700 _aSantiago F., Barberis
650 _aHISTORIA ARGENTINA-PARTIDOS POLITICOS; PARTIDO DEMOCRATA PROGRESISTA
942 _cBDGR
999 _c13722
_d13722